=LDR 00000nam 2200000 4500 =001 INLIS000000000035998 =005 20130612141817 =008 ***********************************Ind** =035 ##$$0010-061300000035998 =041 ##$$a Ind =082 ##$$a 610.5 =090 ##$$a 610.5 =100 ##$$a Toufiq =245 ##$$a Medika, Jurnal Kedokteran dan Kesehatan =260 ##$$a 2009 $b Semarang =300 ##$$a 213 Hlm, Ilus, 24 cm =850 ##$$a NBPNMAT